A China que eu vi / (Record no. 79)

MARC details
000 -LÍDER
campo de controle de tamanho fixo 01025nam a2200301 4500
001 - NÚMERO DE CONTROLE
campo de controle 79
003 - IDENTIFICADOR DO NÚMERO DE CONTROLE
campo de controle OSt
005 - DATA E HORÁRIO DA ÚLTIMA TRANSAÇÃO
campo de controle 20250123133004.0
008 - CAMPO DE DADOS FIXOS--INFORMAÇÃO GERAL
campo de controle de tamanho fixo 250123b |||||||e |||| 00| 0 eng d
040 ## - FONTE DA CATALOGAÇÃO
Idioma da catalogação por
041 ## - CÓDIGO DE IDIOMA
Código do idioma do original e/ou traduções intermediárias do texto eng
Código do idioma do texto/trilha sonora ou título diferente por
082 ## - CDD - CLASSIFICAÇÃO DECIMAL DE DEWEY
Número de Classificação 813
Número do exemplar B922c
100 1# - ENTRADA PRINCIPAL--NOME PESSOAL
Nome pessoal Buck, Pearl S.
Datas associadas ao nome 1892-1973.
240 ## - TÍTULO UNIFORME
Título uniforme China as I see it
245 ## - TÍTULO
Título A China que eu vi /
Indicação de responsabilidade, etc. Buck, Pearl S. ; Tradução de Syomara Cajado
260 ## - PUBLICAÇÃO, DISTRIBUIÇÃO, ETC.
Local de publicação, distribuição, etc. São Paulo
Nome do editor, distribuidor, etc. Nova Epoca
300 ## - DESCRIÇÃO FÍSICA
Extensão 342 p.
520 ## - NOTA DE RESUMO, ETC.
Resumo, etc. China as I See It (1970) -- A China é retratada com toda fidelidade e em todo o seu humanismo pela escritora prêmios Nobel e Pulitzer. O leitor contemplará através de suas páginas a beleza da China milenar, e seu paciente povo. |...|
650 #0 - ASSUNTO--TERMO TÓPICO
Cabeçalho tópico ou nome geográfico Literatura Americana
9 (RLIN) 84
650 #0 - ASSUNTO--TERMO TÓPICO
Cabeçalho tópico ou nome geográfico Experiência de vida
9 (RLIN) 188
650 #0 - ASSUNTO--TERMO TÓPICO
Cabeçalho tópico ou nome geográfico Prêmio Nobel
9 (RLIN) 191
650 #0 - ASSUNTO--TERMO TÓPICO
Cabeçalho tópico ou nome geográfico História
9 (RLIN) 116
650 #0 - ASSUNTO--TERMO TÓPICO
Cabeçalho tópico ou nome geográfico Viagens
9 (RLIN) 189
655 #0 - TERMO DE ÍNDICE--GÊNERO E FORMA
Gênero/forma/ou termo foco Romance
655 #0 - TERMO DE ÍNDICE--GÊNERO E FORMA
Gênero/forma/ou termo foco Não Ficção
700 ## - ENTRADA ADICIONADA - NOME PESSOAL
Nome pessoal Syomara Cajado
Função do autor por extenso Tradutor
9 (RLIN) 190
942 ## - ELEMENTOS DE ENTRADA ADICIONADOS (KOHA)
Fonte de classificação ou esquema de arquivamento Classificação decimal de Dewey
Ocultar no OPAC Não
Tipo de material Koha Livros
Holdings
Situação do descarte Situação das perdas Fonte de classificação ou esquema de arquivamento Status danificado Não pode ser emprestado Coleção Biblioteca de origem Biblioteca atual Localização na estante Data de aquisição Fonte de aquisição Total de empréstimos Número de chamada completo Código de barras Data de último acesso Data do preço efetivo Tipo de material Koha
    Classificação decimal de Dewey     Não ficção Biblioteca Professor Eduardo Afonso de Castro Biblioteca Professor Eduardo Afonso de Castro Literatura Estrangeira 16.02.1971 doação   813 / B922c 2025-12441 23.01.2025 23.01.2025 Livros

Powered by Koha